| 000 | 01750nam a22002897a 4500 | ||
|---|---|---|---|
| 999 |
_c60034 _d60034 |
||
| 003 | Ge_BSU | ||
| 005 | 20230531123119.0 | ||
| 008 | 230531s2018ge xxu||||| |||| 00| 0 geo d | ||
| 020 | _a9788378931713 | ||
| 041 | _ageo | ||
| 080 | _a81'28(038) ბ-52 | ||
| 100 |
_aბერიძე,მარინა _918353 |
||
| 245 |
_aიმერული დიალექტის კორპუსული ლექსიკონი : _b(ქართული დიალექტური კორპუსი) / _cმარინა ბერიძე, ნინო შარაშენიძე, ელენე ნინო, რედ. ციცინო კვანტალიანი, რუსუდან ლანდია |
||
| 264 |
_bWojnowice, _c2018 |
||
| 300 |
_a646 გვ.: _b23 სმ. |
||
| 440 |
_aსაბა - ქართული ლექსიკონი _918330 |
||
| 500 | _aყდაზე ავტორი მითითებული არ არის. | ||
| 546 | _aყდა ქართულ და ინგლისურ ენებზე. | ||
| 653 | _aიმერული დიალექტის კორპუსული ლექსიკონი | ||
| 653 | _aლექსიკონი | ||
| 700 |
_aშარაშენიძე, ნინო _97758 |
||
| 700 |
_aკიკნაძე, ელენე _918354 |
||
| 700 |
_aკვანტალიანი,ციცინო _eრედაქტორი _918355 |
||
| 700 |
_aლანდია, რუსუდან _eრედაქტორი _918343 |
||
| 710 |
_aთსუ არნ. ჩიქობავას სახ. ენათმეცნიერების ინ-ტი, _918360 |
||
| 942 |
_2udc _cBK |
||